| 000 | 01092nam a22002535a 4500 | ||
|---|---|---|---|
| 999 |
_c27484 _d27455 |
||
| 003 | EG-ScBUE | ||
| 005 | 20190527115654.0 | ||
| 008 | 190527s2018 ua frb 000 0 ara d | ||
| 017 | _a2018 / 8472 | ||
| 020 | _a9789770486764 | ||
| 040 |
_aEG-ScBUE _bara _cEG-ScBUE _dEG-ScBUE |
||
| 043 | _af-ua--- | ||
| 082 | 0 | 4 |
_a346.620488 _bت و ك _222 |
| 100 | 1 | _aتوكل، فادي محمد عماد الدين. | |
| 245 | 1 | 0 |
_aحماية استخدام الأسماء التجارية والعلامات التجارية المشهورة الإلكترونيا / _cفادي توكل. |
| 260 |
_aالقاهرة : _bدار النهضة العربية للنشر والتوزيع ؛ _aدبي : _bدار النهضة العلمية للنشر والتوزيع، _c2018. |
||
| 300 |
_a123 ص. ؛ _c24 سم. |
||
| 504 | _aيشتمل على إرجاعات ببليوجرافية. | ||
| 541 |
_aفادي توكل ؛ _cإهداء ؛ |
||
| 650 | 7 |
_aالعلامات التجارية _xقوانين وتشريعات _zمصر. _2BUEsh |
|
| 651 | _2BUEsh | ||
| 653 |
_bLLAAWW _cMay2019 |
||
| 942 | _2ddc | ||